000 00595nam a22002177a 4500
003 UA-OsUOA
001 42789
007 ta
008 20061121b un ||||| |||| 00| 0 ukr d
100 _aСюндюков І.
090 _a82
_bС-11
942 _cSA
040 _aUA-OsUOA
_bukr
_cUA-OsUOA
_dUA-OsUOA
245 _aСтарі листи про головне. Вікно у світ душі Миколи Гоголя
300 _aС.7
955 _a0
041 _aukr
080 _a82
773 0 _w42788
650 7 _a82 Література. Літературознавство
_2UDC
999 _c328927
_d328927